000 00219 a2200097 4500
001 12208
100 _aYounas Butt
245 _aFamily Front; Ghar mastian
260 _aLahore
_bSang-e-Meel
_c2003
090 _c9424
_d9424
942 _aNUST-CAE
_cM
_c36294
999 _c247281
_d247281